[Event "Muensterland Verbandsliga 1920"]
[Site "Germany"]
[Date "2020.01.11"]
[Round "5.3"]
[White "Grawunder, Juergen"]
[Black "Schmeing, Walter"]
[Result "1/2-1/2"]
[WhiteElo "1907"]
[BlackElo "1962"]
[PlyCount "68"]
[EventDate "2019.09.07"]
[EventType "team-tourn"]
[EventRounds "7"]
[EventCountry "GER"]
[SourceTitle "EXT 2023"]
[Source "ChessBase"]
[SourceDate "2022.10.05"]
[SourceVersion "1"]
[SourceVersionDate "2022.10.05"]
[SourceQuality "1"]
[WhiteTeam "Olfen"]
[BlackTeam "Suedlohn II"]
[WhiteTeamCountry "GER"]
[BlackTeamCountry "GER"]

1. e4 e5 2. Nf3 Nc6 3. d3 Nf6 4. Be2 Be7 5. 0-0 0-0 6. c3 d5 7. Qc2 h6 8. h3 Be6 9. b4 a6 10. a3 Nh7 11. c4 dxe4 12. dxe4 Ng5 13. Nxg5 Bxg5 14. Bb2 Nd4 15. Qd3 Nxe2+ 16. Qxe2 Qe7 17. Nc3 c6 18. c5 Qc7 19. Na4 Bd8 20. Nb6 Rb8 21. Rad1 f6 22. Rd6 Qf7 23. Rfd1 Re8 24. Qe3 Bc7 25. R6d3 Rbd8 26. Rxd8 Rxd8 27. Rxd8+ Bxd8 28. f4 exf4 29. Qxf4 Bc7 30. Qe3 Qe8 31. Qd3 Qd8 32. Qxd8+ Bxd8 33. Kf2 Bxb6 34. cxb6 Kf7 1/2-1/2

[Event "Muensterland Regionalliga 1819"]
[Site "Germany"]
[Date "2019.01.12"]
[Round "5.3"]
[White "Grawunder, Juergen"]
[Black "Lehmann, Holger"]
[Result "0-1"]
[WhiteElo "1928"]
[BlackElo "2139"]
[PlyCount "88"]
[EventDate "2018.09.08"]
[EventType "team-tourn"]
[EventRounds "9"]
[EventCountry "GER"]
[SourceTitle "EXT 2020"]
[Source "ChessBase"]
[SourceDate "2019.10.17"]
[SourceVersion "1"]
[SourceVersionDate "2019.10.17"]
[SourceQuality "1"]
[WhiteTeam "Olfen"]
[BlackTeam "Emsdetten Rochade"]
[WhiteTeamCountry "GER"]
[BlackTeamCountry "GER"]

1. e4 d6 2. Nf3 e5 3. d3 Be7 4. Be2 Nf6 5. 0-0 0-0 6. c4 Re8 7. Nc3 c6 8. Qc2 Bf8 9. Bg5 h6 10. Bh4 Nbd7 11. Rae1 Qc7 12. Bd1 g6 13. h3 Bg7 14. b4 a5 15. b5 Nc5 16. a4 Nh5 17. Nh2 Nf4 18. Re3 Nce6 19. Bg3 Rf8 20. Nf3 f5 21. Bh2 fxe4 22. dxe4 Nd4 23. Nxd4 exd4 24. Bxf4 Rxf4 25. Ne2 Rxf2 26. Rxf2 dxe3 27. Rf3 cxb5 28. cxb5 Qxc2 29. Bxc2 Be6 30. Rxe3 Rc8 31. Bb3 Bxb3 32. Rxb3 Rc4 33. Nf4 Rxe4 34. Rf3 Rxa4 35. Nxg6 Re4 36. g4 a4 37. Nh4 Rb4 38. Nf5 Rxb5 39. Nxd6 Rb3 40. Rf5 a3 41. Ra5 Rb1+ 42. Kg2 Rb2+ 43. Kf3 a2 44. Nxb7 a1Q 0-1

[Event "Muensterland Regionalliga 1617"]
[Site "Germany"]
[Date "2017.04.08"]
[Round "8.4"]
[White "Grawunder, Juergen"]
[Black "Freitag, Julia"]
[Result "1/2-1/2"]
[WhiteElo "1954"]
[BlackElo "2080"]
[PlyCount "76"]
[EventDate "2016.09.17"]
[EventType "team"]
[EventRounds "9"]
[EventCountry "GER"]
[SourceTitle "EXT 2018"]
[Source "ChessBase"]
[SourceDate "2017.10.13"]
[SourceVersion "1"]
[SourceVersionDate "2017.10.13"]
[SourceQuality "1"]
[WhiteTeam "Olfen"]
[BlackTeam "Steinfurt"]
[WhiteTeamCountry "GER"]
[BlackTeamCountry "GER"]

1. e4 e6 2. d3 d5 3. Nd2 Nf6 4. c3 c5 5. Ngf3 Nc6 6. Be2 b6 7. 0-0 Bb7 8. Ne1 Qc7 9. f4 0-0-0 10. Qc2 Be7 11. Ndf3 h6 12. Ne5 Rdf8 13. Nxc6 Bxc6 14. e5 Nd7 15. d4 f5 16. Be3 g5 17. Qd2 Rfg8 18. b4 c4 19. a4 Nf8 20. a5 b5 21. g3 Ng6 22. Ng2 gxf4 23. Nxf4 Nxf4 24. Bxf4 h5 25. Kf2 h4 26. Rg1 hxg3+ 27. hxg3 Rh2+ 28. Rg2 Rgh8 29. Rag1 Qd8 30. Rxh2 Rxh2+ 31. Rg2 Rh1 32. Bf3 Be8 33. Ke3 Bg5 34. Rh2 Bxf4+ 35. gxf4 Rxh2 36. Qxh2 Qe7 37. Qh8 Qf7 38. Kf2 Kd7 1/2-1/2

[Event "Muensterland Regionalliga 1617"]
[Site "Germany"]
[Date "2016.11.19"]
[Round "3.4"]
[White "Pollok, Ralf"]
[Black "Grawunder, Juergen"]
[Result "1-0"]
[WhiteElo "1956"]
[BlackElo "1954"]
[PlyCount "99"]
[EventDate "2016.09.17"]
[EventType "team"]
[EventRounds "9"]
[EventCountry "GER"]
[SourceTitle "EXT 2018"]
[Source "ChessBase"]
[SourceDate "2017.10.13"]
[SourceVersion "1"]
[SourceVersionDate "2017.10.13"]
[SourceQuality "1"]
[WhiteTeam "Raesfeld Erle"]
[BlackTeam "Olfen"]
[WhiteTeamCountry "GER"]
[BlackTeamCountry "GER"]

1. d4 Nf6 2. c4 c5 3. d5 b5 4. cxb5 a6 5. Nc3 axb5 6. e4 b4 7. Nb5 d6 8. Bc4 Ba6 9. Qe2 Qb6 10. a4 Nbd7 11. Nf3 Ng4 12. Bf4 f6 13. 0-0 g6 14. h3 Nh6 15. Rfd1 Nf7 16. Nd2 Bg7 17. Bh2 Nfe5 18. Nc7+ Qxc7 19. Bxa6 0-0 20. f4 Nf7 21. Bb5 Ra7 22. Nc4 Nb6 23. Nxb6 Qxb6 24. Kh1 Rfa8 25. Rac1 Bh6 26. Rc4 Qd8 27. e5 fxe5 28. fxe5 Bg7 29. e6 Ne5 30. Bxe5 Bxe5 31. Rf1 Bf6 32. b3 Qf8 33. Rcf4 Qg7 34. Qf3 Rf8 35. Bc6 Rc7 36. Qd3 Rcc8 37. a5 Bd4 38. Rf7 Rxf7 39. exf7+ Kh8 40. a6 c4 41. Qxc4 Rf8 42. Be8 Qe5 43. Qxb4 Qe3 44. Qe1 Qg5 45. a7 Qxd5 46. Qxe7 Kg7 47. Rd1 Qa5 48. Rxd4 Qa1+ 49. Kh2 Qxd4 50. a8Q 1-0

[Event "Muensterland Verbandsliga 1516"]
[Site "Germany"]
[Date "2016.01.16"]
[Round "5.5"]
[White "Theissen, Frank"]
[Black "Grawunder, Juergen"]
[Result "0-1"]
[WhiteElo "1757"]
[BlackElo "1969"]
[PlyCount "114"]
[EventDate "2015.09.12"]
[EventType "team"]
[EventRounds "9"]
[EventCountry "GER"]
[SourceTitle "EXT 2017"]
[Source "ChessBase"]
[SourceDate "2016.10.25"]
[SourceVersion "1"]
[SourceVersionDate "2016.10.25"]
[SourceQuality "1"]
[WhiteTeam "Borken"]
[BlackTeam "Olfen"]
[WhiteTeamCountry "GER"]
[BlackTeamCountry "GER"]

1. e4 d6 2. d4 g6 3. Be3 Bg7 4. c4 Nd7 5. Qd2 Ngf6 6. f3 c6 7. Nc3 e5 8. Nge2 Qe7 9. d5 c5 10. Nb5 Nb6 11. Nec3 a6 12. Na3 Nbd7 13. Be2 Nh5 14. g3 Nhf6 15. Nc2 0-0 16. Bg5 Re8 17. h4 Qf8 18. 0-0-0 h6 19. Be3 Nh7 20. g4 f6 21. g5 fxg5 22. hxg5 h5 23. Rdf1 Qe7 24. Ne1 Rf8 25. Ng2 Rf7 26. Nh4 Nhf8 27. Bd3 b5 28. cxb5 axb5 29. Bxb5 Ba6 30. Qe2 Bxb5 31. Qxb5 Rb8 32. Qe2 Rf4 33. Qg2 Nb6 34. b3 Qa7 35. Rf2 Qa3+ 36. Kd1 Qb4 37. Bd2 Qd4 38. Ne2 Qa1+ 39. Nc1 Rf7 40. Qh3 Qd4 41. Ke2 Ra8 42. Be3 Qb4 43. Kf1 Nbd7 44. Rc2 Qxe4 45. Re2 Qxd5 46. Rd2 Qc6 47. Kg2 d5 48. Re1 d4 49. Bf2 Ne6 50. Nxg6 Nxg5 51. Qxh5 Qxf3+ 52. Qxf3 Nxf3 53. Ne7+ Rxe7 54. Kxf3 e4+ 55. Rxe4 Rf8+ 56. Rf4 Rxf4+ 57. Kxf4 Bh6+ 0-1

[Event "Muensterland Regionalliga 1415"]
[Site "Germany"]
[Date "2015.02.21"]
[Round "6.6"]
[White "Grawunder, Juergen"]
[Black "Rebber, Christian"]
[Result "1-0"]
[WhiteElo "1904"]
[BlackElo "1881"]
[PlyCount "65"]
[EventDate "2014.09.20"]
[EventType "team-tourn"]
[EventRounds "9"]
[EventCountry "GER"]
[SourceTitle "EXT 2016"]
[Source "ChessBase"]
[SourceDate "2015.10.08"]
[SourceVersion "1"]
[SourceVersionDate "2015.10.08"]
[SourceQuality "1"]
[WhiteTeam "Olfen"]
[BlackTeam "Duelmen"]
[WhiteTeamCountry "GER"]
[BlackTeamCountry "GER"]

1. e4 c5 2. Nf3 Nc6 3. d3 d6 4. Nbd2 Nf6 5. c3 e5 6. Be2 Be7 7. 0-0 0-0 8. a4 d5 9. Qc2 b6 10. b3 Bb7 11. Bb2 Rc8 12. Rae1 d4 13. c4 Bd6 14. g3 g6 15. Nh4 Ne8 16. Ng2 Ng7 17. f4 f5 18. Ba3 Nb4 19. Bxb4 cxb4 20. fxe5 Bxe5 21. Bf3 fxe4 22. Nxe4 Qc7 23. Qd2 a5 24. Nh4 Rce8 25. Bg2 Bc8 26. Ng5 Nf5 27. Bd5+ Kg7 28. Nxf5+ Bxf5 29. Be4 Bd7 30. Qe2 Bf6 31. Nxh7 Rxe4 32. Qxe4 Kxh7 33. Rxf6 1-0

[Event "Muensterland Regionalliga 1415"]
[Site "Germany"]
[Date "2015.01.17"]
[Round "5.7"]
[White "Grawunder, Juergen"]
[Black "Freise, Eckhard"]
[Result "1-0"]
[WhiteElo "1904"]
[BlackElo "1832"]
[PlyCount "89"]
[EventDate "2014.09.20"]
[EventType "team-tourn"]
[EventRounds "9"]
[EventCountry "GER"]
[SourceTitle "EXT 2016"]
[Source "ChessBase"]
[SourceDate "2015.10.08"]
[SourceVersion "1"]
[SourceVersionDate "2015.10.08"]
[SourceQuality "1"]
[WhiteTeam "Olfen"]
[BlackTeam "Muenster III"]
[WhiteTeamCountry "GER"]
[BlackTeamCountry "GER"]

1. b4 e5 2. Bb2 f6 3. a3 d5 4. e3 Be6 5. d4 e4 6. Nd2 Bd6 7. c4 c6 8. Qb3 Nh6 9. c5 Bc7 10. Nxe4 Qe7 11. Ng3 0-0 12. Bd3 f5 13. N1e2 f4 14. exf4 Bxf4 15. Nxf4 Rxf4 16. 0-0 Nd7 17. Qc2 g5 18. Rae1 Nf8 19. Ne2 Rh4 20. f3 Qf7 21. Bc1 Qg7 22. g3 Bh3 23. Rf2 Rh5 24. b5 Re8 25. bxc6 bxc6 26. Bd2 Re6 27. Qc3 Qe7 28. Nc1 Nf7 29. Rfe2 Rhh6 30. g4 Rxe2 31. Rxe2 Re6 32. Rxe6 Nxe6 33. Ne2 h5 34. gxh5 Qf6 35. Bb1 g4 36. f4 Nfg5 37. Qe3 Nf3+ 38. Kf2 Nxd2 39. Qxd2 Ng5 40. f5 Nf3 41. Qe3 Kg7 42. h6+ Kh7 43. Qe6 Qh4+ 44. Ng3 Qxh6 45. f6+ 1-0

[Event "Muensterland Regionalliga 1314"]
[Site "Germany"]
[Date "2013.11.16"]
[Round "3.8"]
[White "Liebing, Ingo"]
[Black "Grawunder, Juergen"]
[Result "0-1"]
[WhiteElo "1755"]
[BlackElo "1920"]
[PlyCount "66"]
[EventDate "2013.09.07"]
[EventType "team-tourn"]
[EventRounds "9"]
[EventCountry "GER"]
[SourceTitle "EXT 2015"]
[Source "ChessBase"]
[SourceDate "2014.11.20"]
[SourceVersion "1"]
[SourceVersionDate "2014.11.20"]
[SourceQuality "1"]
[WhiteTeam "Duelmen"]
[BlackTeam "Sendenhorst"]
[WhiteTeamCountry "GER"]
[BlackTeamCountry "GER"]

1. c4 e5 2. g3 d6 3. Bg2 g6 4. Nc3 Bg7 5. e4 Be6 6. d3 Ne7 7. Nge2 0-0 8. 0-0 Qd7 9. Be3 h6 10. Qd2 Kh7 11. f4 Nbc6 12. Nd5 f5 13. Rae1 Ng8 14. Nec3 Nd4 15. Kh1 a5 16. b3 Ra6 17. Ne2 c6 18. Ndc3 Nxe2 19. Rxe2 Nf6 20. d4 exf4 21. exf5 Bxf5 22. Bxf4 g5 23. Be3 d5 24. Bg1 Bg6 25. Rfe1 Rf7 26. c5 Ra8 27. Na4 Qg4 28. Re7 Rxe7 29. Rxe7 Re8 30. Rxe8 Nxe8 31. Qxa5 Qd1 32. Qc3 Qe2 33. a3 Be4 0-1

[Event "Muensterland Verbandsliga 1213"]
[Site "Germany"]
[Date "2012.09.22"]
[Round "1.4"]
[White "Grawunder, Juergen"]
[Black "Langhanke, Guenther"]
[Result "1/2-1/2"]
[WhiteElo "1988"]
[BlackElo "2035"]
[PlyCount "48"]
[EventDate "2012.09.22"]
[EventType "team-tourn"]
[EventRounds "9"]
[EventCountry "GER"]
[SourceTitle "EXT 2015"]
[Source "ChessBase"]
[SourceDate "2014.11.20"]
[SourceVersion "1"]
[SourceVersionDate "2014.11.20"]
[SourceQuality "1"]
[WhiteTeam "Sendenhorst"]
[BlackTeam "Rheine Klein Berlin"]
[WhiteTeamCountry "GER"]
[BlackTeamCountry "GER"]

1. e4 c5 2. Nf3 Nc6 3. d3 e6 4. c3 d5 5. Nbd2 Nf6 6. Be2 Qc7 7. Qc2 Be7 8. 0-0 0-0 9. a4 b6 10. b3 Ba6 11. Re1 Rfd8 12. Bb2 Rac8 13. Rac1 Qb8 14. g3 Bb7 15. Nh4 d4 16. c4 Nd7 17. Ng2 Nb4 18. Qb1 g6 19. Ba3 Nc6 20. Rf1 Bg5 21. Rc2 f5 22. exf5 exf5 23. f4 Be7 24. Bf3 Na5 1/2-1/2

[Event "NRW Class2 1112"]
[Site "Germany"]
[Date "2012.03.25"]
[Round "8.4"]
[White "Grawunder, Juergen"]
[Black "Bachmann, Karlheinz"]
[Result "1/2-1/2"]
[WhiteElo "1989"]
[BlackElo "2093"]
[PlyCount "101"]
[EventDate "2011.09.18"]
[EventType "team-tourn"]
[EventRounds "9"]
[EventCountry "GER"]
[SourceTitle "EXT 2015"]
[Source "ChessBase"]
[SourceDate "2014.11.20"]
[SourceVersion "1"]
[SourceVersionDate "2014.11.20"]
[SourceQuality "1"]
[WhiteTeam "Sendenhorst"]
[BlackTeam "Katernberg II"]
[WhiteTeamCountry "GER"]
[BlackTeamCountry "GER"]

1. e4 c5 2. Nf3 d6 3. d3 g6 4. g3 Bg7 5. Bg2 Nc6 6. c3 Nf6 7. 0-0 0-0 8. Qc2 Rb8 9. a4 a6 10. b3 b5 11. Bb2 Qb6 12. Nbd2 Bd7 13. axb5 axb5 14. Ra2 Ra8 15. Rfa1 Rxa2 16. Rxa2 Rb8 17. h3 Rb7 18. Qb1 Ra7 19. Qa1 Ne8 20. Bf1 Nc7 21. Kg2 Ne6 22. Be2 Rxa2 23. Qxa2 Qa7 24. Qb1 Qa5 25. c4 Bxb2 26. Qxb2 b4 27. Bd1 Qa3 28. Qb1 Ncd4 29. Nxd4 Nxd4 30. Nf3 Nxf3 31. Bxf3 Bc6 32. h4 Kg7 33. Bd1 e5 34. f4 f6 35. h5 Be8 36. hxg6 hxg6 37. Bg4 Bf7 38. Kf2 Qa8 39. Bf3 Qh8 40. Qh1 Qa8 41. Qb1 Be8 42. Ke3 Bd7 43. Qb2 Qa3 44. Qb1 Bc6 45. Bg4 Be8 46. f5 g5 47. Qd1 Qb2 48. Kf3 Bf7 49. Ke3 Qd4+ 50. Ke2 Qb2+ 51. Ke3 1/2-1/2

[Event "NRW Class2 1112"]
[Site "Germany"]
[Date "2012.01.08"]
[Round "5.3"]
[White "Wolf, Andre"]
[Black "Grawunder, Juergen"]
[Result "1/2-1/2"]
[WhiteElo "2123"]
[BlackElo "1989"]
[PlyCount "74"]
[EventDate "2011.09.18"]
[EventType "team-tourn"]
[EventRounds "9"]
[EventCountry "GER"]
[SourceTitle "EXT 2015"]
[Source "ChessBase"]
[SourceDate "2014.11.20"]
[SourceVersion "1"]
[SourceVersionDate "2014.11.20"]
[SourceQuality "1"]
[WhiteTeam "Herford"]
[BlackTeam "Sendenhorst"]
[WhiteTeamCountry "GER"]
[BlackTeamCountry "GER"]

1. e4 d6 2. d4 Nd7 3. Nc3 g6 4. f4 Bg7 5. Nf3 e6 6. Be3 Ne7 7. Bd3 a6 8. 0-0 d5 9. exd5 exd5 10. f5 Nf6 11. fxg6 hxg6 12. Ne5 Qd6 13. Qf3 Be6 14. Bg5 Nf5 15. Bxf5 gxf5 16. Rad1 0-0-0 17. Bf4 Qb4 18. a3 Qe7 19. b4 Nh5 20. Ne2 Qh4 21. g3 Qe7 22. Rfe1 Rdg8 23. Rd2 Nf6 24. Bg5 Bh6 25. Bxf6 Qxf6 26. Nf4 Bxf4 27. Qxf4 Rh4 28. Qf3 Qh6 29. Qg2 f4 30. gxh4 Rxg2+ 31. Rxg2 c6 32. Nf3 Bf5 33. Re7 Kb8 34. Rxf7 Be4 35. Rgg7 Bxf3 36. Rxb7+ Ka8 37. Ra7+ Kb8 1/2-1/2

[Event "NRW Class2 1112"]
[Site "Germany"]
[Date "2011.09.18"]
[Round "1.4"]
[White "Grawunder, Juergen"]
[Black "Wegener, Olaf"]
[Result "0-1"]
[WhiteElo "1989"]
[BlackElo "2402"]
[PlyCount "88"]
[EventDate "2011.09.18"]
[EventType "team-tourn"]
[EventRounds "9"]
[EventCountry "GER"]
[SourceTitle "EXT 2015"]
[Source "ChessBase"]
[SourceDate "2014.11.20"]
[SourceVersion "1"]
[SourceVersionDate "2014.11.20"]
[SourceQuality "1"]
[WhiteTeam "Sendenhorst"]
[BlackTeam "Dortmund Hansa II"]
[WhiteTeamCountry "GER"]
[BlackTeamCountry "GER"]

1. e4 c5 2. Ne2 Nf6 3. d3 d5 4. Nd2 Nc6 5. c3 dxe4 6. dxe4 Ne5 7. Ng3 Nd3+ 8. Bxd3 Qxd3 9. Qe2 Qxe2+ 10. Nxe2 Bd7 11. f3 b6 12. c4 Bc6 13. Nc3 Nd7 14. Ke2 g6 15. b3 Bg7 16. Bb2 f5 17. Rab1 Kf7 18. Rhd1 Nf6 19. g3 Rad8 20. exf5 gxf5 21. Nf1 e6 22. Rxd8 Rxd8 23. Rd1 Rd7 24. Rxd7+ Nxd7 25. Nd1 Bf8 26. Nf2 Bd6 27. Nd3 a6 28. a3 e5 29. Nd2 Ke6 30. Ke3 Nf6 31. Nf2 h5 32. Bc3 Bf8 33. Bb2 Bh6+ 34. f4 exf4+ 35. gxf4 Ng4+ 36. Nxg4 fxg4 37. Be5 Kf5 38. Bc7 h4 39. Nf1 Bg2 40. Nd2 h3 41. Kf2 Bxf4 42. Bxf4 Kxf4 43. b4 cxb4 44. axb4 a5 0-1

[Event "Muensterland Verbandsliga 1011"]
[Site "Germany"]
[Date "2011.03.26"]
[Round "8.6"]
[White "Fischer, Andreas"]
[Black "Grawunder, Juergen"]
[Result "1-0"]
[WhiteElo "1895"]
[BlackElo "1969"]
[PlyCount "63"]
[EventDate "2010.09.25"]
[EventType "team-tourn"]
[EventRounds "9"]
[EventCountry "GER"]
[SourceTitle "EXT 2012"]
[Source "ChessBase"]
[SourceDate "2011.11.24"]
[SourceVersion "1"]
[SourceVersionDate "2011.11.24"]
[SourceQuality "1"]
[WhiteTeam "Saerbeck"]
[BlackTeam "Sendenhorst"]
[WhiteTeamCountry "GER"]
[BlackTeamCountry "GER"]

1. e4 d6 2. d4 g6 3. Nc3 Bg7 4. Nf3 Nd7 5. Bc4 e6 6. Bg5 Ne7 7. Qd2 h6 8. Be3 c6 9. a4 d5 10. Bd3 dxe4 11. Nxe4 Nf5 12. Bf4 Nxd4 13. Nxd4 Bxd4 14. Nd6+ Ke7 15. Bxg6 Ne5 16. Qxd4 Qxd6 17. Bxe5 Qxd4 18. Bxd4 Rg8 19. Be4 Rg4 20. Bc5+ Kf6 21. f3 Rxg2 22. 0-0-0 Rg5 23. Be3 Rh5 24. Rd8 Ke7 25. Rh8 f5 26. Bd3 Rh4 27. Rg1 Rxh2 28. Bc5+ Kf6 29. f4 e5 30. Rf8+ Ke6 31. Bc4+ Kd7 32. Rg7# 1-0

[Event "Muensterland Verbandsliga 1011"]
[Site "Germany"]
[Date "2011.02.26"]
[Round "7.5"]
[White "Hunhoff, Sebastian"]
[Black "Grawunder, Juergen"]
[Result "1/2-1/2"]
[WhiteElo "1740"]
[BlackElo "1969"]
[PlyCount "82"]
[EventDate "2010.09.25"]
[EventType "team-tourn"]
[EventRounds "9"]
[EventCountry "GER"]
[SourceTitle "EXT 2012"]
[Source "ChessBase"]
[SourceDate "2011.11.24"]
[SourceVersion "1"]
[SourceVersionDate "2011.11.24"]
[SourceQuality "1"]
[WhiteTeam "Bocholt"]
[BlackTeam "Sendenhorst"]
[WhiteTeamCountry "GER"]
[BlackTeamCountry "GER"]

1. c4 d6 2. Nc3 e5 3. e4 Nd7 4. g3 g6 5. Bg2 Bg7 6. Nge2 Ne7 7. 0-0 0-0 8. d3 f5 9. Be3 c6 10. Qd2 Nf6 11. Bh6 Be6 12. Bxg7 Kxg7 13. f4 fxe4 14. Nxe4 Nxe4 15. Bxe4 d5 16. cxd5 cxd5 17. Bg2 Qb6+ 18. Kh1 exf4 19. Nxf4 Bf7 20. Rae1 Rae8 21. Bh3 Kg8 22. Ne6 Bxe6 23. Bxe6+ Kg7 24. Qe2 Nf5 25. g4 Ng3+ 26. hxg3 Rxf1+ 27. Rxf1 Rxe6 28. Qf3 Rf6 29. Qxf6+ Qxf6 30. Rxf6 Kxf6 31. Kg2 Ke5 32. Kf3 Kd4 33. Ke2 h6 34. Kd2 b5 35. a3 a5 36. Ke2 Ke5 37. Ke3 d4+ 38. Kf3 b4 39. axb4 axb4 40. b3 g5 41. Kf2 Kd5 1/2-1/2

[Event "Muensterland Verbandsliga 1011"]
[Site "Germany"]
[Date "2010.10.30"]
[Round "2.5"]
[White "Grawunder, Juergen"]
[Black "Schmeing, Walter"]
[Result "1-0"]
[WhiteElo "1969"]
[BlackElo "2051"]
[PlyCount "91"]
[EventDate "2010.09.25"]
[EventType "team-tourn"]
[EventRounds "9"]
[EventCountry "GER"]
[SourceTitle "EXT 2012"]
[Source "ChessBase"]
[SourceDate "2011.11.24"]
[SourceVersion "1"]
[SourceVersionDate "2011.11.24"]
[SourceQuality "1"]
[WhiteTeam "Sendenhorst"]
[BlackTeam "Suedlohn"]
[WhiteTeamCountry "GER"]
[BlackTeamCountry "GER"]

1. b4 e5 2. Bb2 d6 3. e3 Nf6 4. c4 Be7 5. Nc3 0-0 6. Qc2 c6 7. Nf3 Bg4 8. Be2 Nbd7 9. a3 Bh5 10. d4 Rc8 11. dxe5 dxe5 12. Rd1 Qc7 13. 0-0 a5 14. Qb3 axb4 15. axb4 Qb6 16. b5 Nc5 17. Na4 Nxa4 18. Qxa4 e4 19. Nd4 Bg6 20. Ra1 c5 21. Nb3 Qe6 22. Nd2 Bd6 23. Rfd1 Bb8 24. Qc2 Nd7 25. Ra3 f5 26. g3 Rfd8 27. Nb1 Be5 28. Nc3 Nb6 29. Rxd8+ Rxd8 30. Na4 Bxb2 31. Nxb2 Bf7 32. Ra7 Qd7 33. Na4 Nxa4 34. Qxa4 Qd2 35. Qa2 Qc1+ 36. Kg2 h6 37. Ra8 Rxa8 38. Qxa8+ Kh7 39. Qxb7 Bxc4 40. Bxc4 Qxc4 41. b6 Qe2 42. Qd5 Qf3+ 43. Kg1 c4 44. b7 c3 45. b8Q c2 46. Qbg8+ 1-0

[Event "Muensterland Verbandsliga 0910"]
[Site "Germany"]
[Date "2010.01.16"]
[Round "5.5"]
[White "Lutterbey, Ralf"]
[Black "Grawunder, Juergen"]
[Result "0-1"]
[WhiteElo "1913"]
[BlackElo "1919"]
[PlyCount "80"]
[EventDate "2009.09.26"]
[EventType "team-tourn"]
[EventRounds "9"]
[EventCountry "GER"]
[SourceTitle "EXT 2011"]
[Source "ChessBase"]
[SourceDate "2010.11.26"]
[SourceVersion "1"]
[SourceVersionDate "2010.11.26"]
[SourceQuality "1"]
[WhiteTeam "Saerbeck"]
[BlackTeam "Sendenhorst"]
[WhiteTeamCountry "GER"]
[BlackTeamCountry "GER"]

1. e4 d6 2. d4 Nd7 3. Nc3 g6 4. Be3 Bg7 5. Bc4 c6 6. f4 e6 7. Nf3 d5 8. Bd3 dxe4 9. Nxe4 Qc7 10. c3 Ngf6 11. Ne5 Nxe4 12. Bxe4 Nf6 13. Bf3 Nd5 14. Bd2 0-0 15. 0-0 c5 16. Qb3 Nb6 17. Be3 c4 18. Qc2 Nd5 19. Bd2 f6 20. Bxd5 exd5 21. Nf3 Bf5 22. Qa4 a6 23. Rfe1 Be4 24. Kf2 Rf7 25. b4 Bf8 26. g3 Bd6 27. Qd1 Qd7 28. Kg1 Re8 29. Re3 Rfe7 30. Qf1 Qa4 31. Qd1 Bc2 32. Qe1 Be4 33. Qd1 Qd7 34. Qf1 Qg4 35. a4 Bxf4 36. Rae1 Bxe3+ 37. Rxe3 Bd3 38. Qf2 Rxe3 39. Bxe3 Qh3 40. Nd2 Qf5 0-1

[Event "Muensterland Verbandsliga 0910"]
[Site "Germany"]
[Date "2009.11.28"]
[Round "3.7"]
[White "Kaufhold, Thomas"]
[Black "Grawunder, Juergen"]
[Result "0-1"]
[WhiteElo "1986"]
[BlackElo "1919"]
[PlyCount "74"]
[EventDate "2009.09.26"]
[EventType "team-tourn"]
[EventRounds "9"]
[EventCountry "GER"]
[SourceTitle "EXT 2011"]
[Source "ChessBase"]
[SourceDate "2010.11.26"]
[SourceVersion "1"]
[SourceVersionDate "2010.11.26"]
[SourceQuality "1"]
[WhiteTeam "Muenster II"]
[BlackTeam "Sendenhorst"]
[WhiteTeamCountry "GER"]
[BlackTeamCountry "GER"]

1. d4 Nf6 2. c4 c5 3. d5 b5 4. Nd2 bxc4 5. e4 Qa5 6. Bxc4 d6 7. Ne2 Nbd7 8. Nc3 g6 9. 0-0 Bg7 10. Be2 Ba6 11. Re1 Bxe2 12. Qxe2 Rb8 13. Nc4 Qa6 14. f4 0-0 15. e5 Ne8 16. Bd2 Nb6 17. b3 Nxc4 18. bxc4 Nc7 19. a4 Qc8 20. Nb5 Qd7 21. Ba5 Na8 22. Rac1 a6 23. Nc3 Nb6 24. Qa2 dxe5 25. fxe5 Qf5 26. Qe2 Nd7 27. e6 Bd4+ 28. Kh1 Nf6 29. Bc7 Rb3 30. Be5 fxe6 31. dxe6 Ng4 32. Bxd4 cxd4 33. Nd5 Qg5 34. Rf1 Rf2 35. Rxf2 Nxf2+ 36. Kg1 Qxc1+ 37. Kxf2 Rb2 0-1

[Event "Muensterland Verbandsliga 0910"]
[Site "Germany"]
[Date "2009.10.31"]
[Round "2.6"]
[White "Becker, Daniel"]
[Black "Grawunder, Juergen"]
[Result "0-1"]
[WhiteElo "1921"]
[BlackElo "1919"]
[PlyCount "110"]
[EventDate "2009.09.26"]
[EventType "team-tourn"]
[EventRounds "9"]
[EventCountry "GER"]
[SourceTitle "EXT 2011"]
[Source "ChessBase"]
[SourceDate "2010.11.26"]
[SourceVersion "1"]
[SourceVersionDate "2010.11.26"]
[SourceQuality "1"]
[WhiteTeam "Nienberge"]
[BlackTeam "Sendenhorst"]
[WhiteTeamCountry "GER"]
[BlackTeamCountry "GER"]

1. e4 d6 2. Nc3 e5 3. Bc4 Nf6 4. d3 Be7 5. f4 Bg4 6. Nf3 exf4 7. Bxf4 Nc6 8. Qd2 Bxf3 9. gxf3 Nh5 10. Rg1 h6 11. Bg3 Ne5 12. 0-0-0 c6 13. f4 Bf6 14. Bb3 Qa5 15. Rgf1 Nxg3 16. hxg3 Ng4 17. d4 0-0 18. Qe2 Qh5 19. Rh1 Qg6 20. e5 Rae8 21. Qf3 Bd8 22. Ne4 dxe5 23. dxe5 Bb6 24. Rd6 Qf5 25. Rh4 Nxe5 26. Qh1 Ng6 27. Rh5 Qxe4 28. Qxe4 Rxe4 29. Rxg6 Rd8 30. Rh1 Kh7 31. Rg4 f5 32. Rgh4 Bf2 33. R4h3 Re3 34. Rh5 Kg6 35. R5h2 Bxg3 36. Rg2 Kf6 37. Rhg1 Re1+ 38. Rxe1 Bxe1 39. Re2 Bg3 40. Re6+ Kf7 41. Re3+ Kf6 42. Rxg3 g5 43. fxg5+ hxg5 44. Rd3 Rh8 45. Kd2 f4 46. Rd7 g4 47. Rxb7 g3 48. Rf7+ Ke5 49. Rg7 Ke4 50. Ba4 Rh6 51. c3 Kf3 52. Ke1 Kg2 53. Bc2 f3 54. Bd3 Re6+ 55. Kd2 Rd6 0-1

[Event "Muensterland op 27th"]
[Site "Senden"]
[Date "2009.10.16"]
[Round "8"]
[White "Grawunder, Juergen"]
[Black "Steinle, Carsten"]
[Result "0-1"]
[WhiteElo "2119"]
[BlackElo "2099"]
[PlyCount "86"]
[EventDate "2009.10.10"]
[EventType "swiss"]
[EventRounds "9"]
[EventCountry "GER"]
[SourceTitle "CBM 132 Extra"]
[Source "ChessBase"]
[SourceDate "2009.11.03"]
[SourceVersion "1"]
[SourceVersionDate "2009.11.03"]
[SourceQuality "1"]

1. Nf3 Nf6 2. d3 d5 3. c3 b6 4. Nbd2 e6 5. e4 Be7 6. Be2 c5 7. 0-0 Nc6 8. Qc2 Qc7 9. b3 Bb7 10. Bb2 0-0 11. Rfe1 Rac8 12. Rad1 Rfd8 13. a4 h6 14. h3 a6 15. c4 dxe4 16. dxe4 e5 17. Bc3 Bd6 18. Bd3 Re8 19. Nf1 Nd4 20. Qb1 Nxf3+ 21. gxf3 Nh5 22. Ne3 Re6 23. Kh2 Rf6 24. Be2 Nf4 25. Qb2 Re8 26. Ng4 Rg6 27. Bf1 h5 28. Ne3 Qe7 29. Bg2 Qh4 30. Rg1 Rxg2+ 31. Rxg2 Qxh3+ 32. Kg1 Nxg2 33. Nxg2 Re6 34. Kf1 Qh1+ 35. Ke2 Qxg2 36. Rd3 Be7 37. Qd2 Bh4 38. Qe1 g5 39. Rd8+ Kg7 40. Rb8 Bc6 41. Rxb6 Bxe4 42. Rxe6 Qxf3+ 43. Kf1 Qh3+ 0-1